Statystyki dla Jaki język to jezyk?

Kliknij tutaj aby rozwiązać quiz!

Ogólne statystyki

  • Ten quiz został rozwiązany 516 razy
    (372 od ostatniego zresetowania)
  • Średni wynik to 7 z 13

Statystyki odpowiedzi

SłowaJęzyk% Poprawnych
hallo wie heibt du?niemiecki
97%
Cześć jak się nazywasz?polski
93%
Hi what is your name?angielski
90%
Hola como te llamas?hiszpański
85%
Ciao come ti chiamiwłoski
81%
pozdrav kako se zoves?chorwacki
42%
Hæ, hvað heitir þú?islandzki
34%
Hei hva heter du?norweski
34%
Hej hvad heder du?duński
33%
Hei mika on nimesifiński
23%
Hola com es diu?kataloński
19%
pershendetje si esthe emri juaj?albański
15%
tere mis su nimi on?estoński
12%

Rozkład punktacji

Percentyl według liczby udzielonych odpowiedzi

Procent ludzi z każdym wynikiem

Twoja historia wyników

Nie rozwiązałeś tego quizu od ostatniego zresetowania